Click the 100 Biggest World Cities on the Map - Statistics

General Stats
  • This quiz has been taken 174 times
  • The average score is 66 of 100
Answers on the Map
Answers color-coded by a green-red scale on the quiz's map according to % correct below.
 
Answer Stats
Answer % Correct
Bangkok
87%
Buenos Aires
87%
Istanbul
87%
Lima
87%
London
86%
Miami
86%
Taipei
86%
Tehran
86%
Alexandria
84%
Dallas
84%
Dubai
84%
Johannesburg
84%
Khartoum
84%
Madrid
84%
Manchester
84%
Milan
84%
Moscow
84%
New York
84%
Paris
84%
Santiago
84%
Seoul
84%
Singapore
84%
Bogota
83%
Cairo
83%
Chicago
83%
Riyadh
83%
Saint Petersburg
83%
Atlanta
82%
Manila
82%
Nairobi
82%
San Francisco
82%
Washington, D.C.
82%
Baghdad
81%
Boston
81%
Detroit
81%
Los Angeles
81%
Philadelphia
81%
Toronto
81%
Amman
80%
Ho Chi Minh City
80%
Lagos
80%
Luanda
80%
Dar es Salaam
79%
Houston
79%
Kinshasa
79%
Kolkata
79%
Mexico City
79%
Tokyo
79%
Dhaka
78%
Hong Kong
78%
Bamako
77%
Accra
76%
Rio de Janeiro
76%
Delhi
74%
Karachi
74%
Kuala Lumpur
74%
Monterrey
73%
Guadalajara
71%
Hanoi
71%
São Paulo
71%
Abidjan
68%
Yangon
68%
Osaka
64%
Guangzhou
63%
Mumbai
62%
Nagoya
60%
Bangalore
56%
Lahore
56%
Chennai
54%
Harbin
54%
Jakarta
53%
Surabaya
53%
Ahmedabad
51%
Rawalpindi
51%
Hyderabad
50%
Pune
50%
Tianjin
49%
Bandung
48%
Beijing
48%
Kunming
46%
Chongqing
44%
Surat
43%
Chengdu
40%
Shanghai
40%
Xi'an
39%
Changsha
37%
Wuhan
37%
Qingdao
34%
Hefei
31%
Ningbo
31%
Xiamen
30%
Hangzhou
29%
Shenyang
27%
Shijiazhuang
26%
Nanjing
23%
Jinan
22%
Shantou
22%
Taiyuan
22%
Wenzhou
21%
Zhengzhou
18%
No matching quizzes found
Score Distribution
Percent of People with Each Score
Percentile by Number Answered
Your Score History
You have not taken this quiz